000
00345 a2200169 4500
001
191675
020
_a
978-85-7153-341-7
040
_c
Magnum
100
_a
Lanznaster, Roberto
240
1
0
_a
Imaginarium
_l
por
245
1
0
_a
Imaginarium
300
_a
120
362
0
_a
2014
440
1
_a
RHJ
697
_a
LITERATURA JUVENIL
942
_c
BK
999
_c
191675
_d
191675